[Event "AUTO-OPEN-4625"]
[Site "http://www.queenalice.com/game.php?id=1865879"]
[Date "2025.11.20"]
[Round "1"]
[White "BeatifulDevil56"]
[Black "SGF"]
[Result "1-0"]
[WhiteElo "2154"]
[BlackElo "1742"]

1. c4 e5 2. Nc3 c6 3. Nf3 Qf6 4. d3 h6 5. Ne4 Qe7 6. Qb3 Qb4+ 7. Qxb4 Bxb4+ 8.
Bd2 Bxd2+ 9. Kxd2 f6 10. Nd6+ Ke7 11. Nxc8+ Ke6 12. g3 Na6 13. Nxa7 Rxa7 14. a3
Nc5 15. Kc2 g5 16. Bh3+ f5 17. Bg2 g4 18. Nh4 Ne7 19. Rhe1 h5 20. f3 Rg8 21. Rf1
gxf3 22. Rxf3 e4 23. Re3 Ng6 24. Nxg6 Rxg6 25. dxe4 fxe4 26. b4 Na4 27. Rxe4+
Kf5 28. Rf1+ Kg5 29. h4+ Kh6 30. Rf5 Rxg3 31. Bf3 Nb6 32. Rxh5+ Kg6 33. Kb3
Rxf3+ 34. exf3 Kxh5 35. Re7 Kxh4 36. c5 Nd5 37. Rxd7 Kg3 38. Rf7 Nf4 39. b5 cxb5
40. c6 Ne6 41. c7 Nxc7 42. Rxc7 Kxf3 43. Rc5 Ra5 44. Kb4 b6 45. Rxb5 Rxb5+ 46.
Kxb5 Ke4 47. Kxb6 Kd4 48. a4 Kc4 49. a5 Kb4 50. a6 Ka4 51. a7 Kb3 52. a8=R Kb4
53. Rh8 Kc4 54. Rh5 Kd4 55. Kc6 Ke4 56. Kd6 Kf4 57. Ke6 Kg4 58. Rf5 Kg3 59. Kf6
Kg4 60. Kg6 Kg3 61. Kg5 Kg2 62. Kg4 Kh2 63. Rf2+ Kh1 64. Kg3 Kg1 65. Rf3 Kh1 66.
Rf1# 1-0

[Event "AUTO-OPEN-4625"]
[Site "http://www.queenalice.com/game.php?id=1865883"]
[Date "2025.11.20"]
[Round "1"]
[White "BeatifulDevil56"]
[Black "maurice916"]
[Result "0-1"]
[WhiteElo "2104"]
[BlackElo "2032"]

1. c4 c6 2. Nf3 d5 3. e3 Nf6 4. Nc3 Bg4 5. cxd5 cxd5 6. Be2 e6 7. Ne5 Bxe2 8.
Qxe2 Bd6 9. Qb5+ Nbd7 10. Nxd7 Qxd7 11. Qxd7+ Kxd7 12. d4 a6 13. O-O b5 14. f3
h6 15. Re1 Rac8 16. Bd2 b4 17. Na4 a5 18. Nb6+ Ke7 19. Nxc8+ Rxc8 20. Rec1 Rb8
21. Rc6 Nd7 22. b3 Rb5 23. Re1 Rb7 24. e4 dxe4 25. fxe4 Bc7 26. Rec1 Kd8 27. g3
f6 28. Bf4 e5 29. Be3 Bb6 30. Rd6 Ke7 31. Rd5 exd4 32. Bxd4 Bxd4+ 33. Rxd4 Ra7
34. Rc6 Ne5 35. Rb6 Nf3+ 0-1

[Event "AUTO-OPEN-4625"]
[Site "http://www.queenalice.com/game.php?id=1865884"]
[Date "2025.11.20"]
[Round "1"]
[White "maurice916"]
[Black "BeatifulDevil56"]
[Result "1-0"]
[WhiteElo "1985"]
[BlackElo "2117"]

1. Nf3 d5 2. b3 f6 3. d4 e6 4. Bb2 Nh6 5. e3 g5 6. Nfd2 c5 7. c3 b6 8. Qh5+ Nf7
9. Bb5+ Bd7 10. a4 a5 11. Nf3 Bxb5 12. axb5 Nd7 13. Nbd2 f5 14. dxc5 Nxc5 15.
Ne5 Qe7 16. Nc6 Qc7 17. c4 e5 18. f4 Nd3+ 19. Ke2 Nxb2 20. Nxe5 gxf4 21. exf4
Bg7 22. Nxf7 Qxf7 23. Qxf7+ Kxf7 24. cxd5 Rhe8+ 25. Kf3 Nd3 26. Rab1 Re7 27. Nc4
Rb8 28. d6 Rd7 29. Rhd1 Nc5 30. Rd5 Ke6 31. Rdd1 Ne4 32. Rd3 Nxd6 33. Re1+ Ne4
34. Rde3 Bd4 35. R3e2 Kd5 36. Rd1 Nc3 37. Re5# 1-0

[Event "AUTO-MASTER-3289"]
[Site "http://www.queenalice.com/game.php?id=1866190"]
[Date "2025.11.26"]
[Round "1"]
[White "BeatifulDevil56"]
[Black "IranSilva"]
[Result "0-1"]
[WhiteElo "2087"]
[BlackElo "2278"]

1. Nf3 Nf6 2. d4 d5 3. Nc3 Bf5 4. Bf4 e6 5. h3 Bd6 6. Ne5 Nbd7 7. g4 Bg6 8. Nxg6
hxg6 9. Bxd6 cxd6 10. f3 a6 11. Bg2 Nb6 12. Qd3 Nc4 13. b3 Na5 14. Kd2 Rc8 15.
Rhc1 Nc6 16. a3 Nh7 17. Re1 Ng5 18. h4 Nh7 19. Rh1 Nf6 20. g5 Nh5 21. Qe3 Ng3
22. Rh3 Nf5 23. Qd3 Rxh4 24. f4 Rxh3 25. Bxh3 Ncxd4 26. e4 dxe4 27. Qxe4 Qc7 28.
Qd3 d5 29. Rf1 Nd6 30. Qxd4 Qxc3+ 31. Qxc3 Ne4+ 0-1

[Event "AUTO-MASTER-3289"]
[Site "http://www.queenalice.com/game.php?id=1866191"]
[Date "2025.11.26"]
[Round "1"]
[White "IranSilva"]
[Black "BeatifulDevil56"]
[Result "1-0"]
[WhiteElo "2192"]
[BlackElo "2156"]

1. Nf3 Nf6 2. g3 c6 3. Bg2 d5 4. d4 Nbd7 5. b3 e6 6. Bb2 Bd6 7. Nbd2 Qe7 8. O-O
O-O 9. Re1 c5 10. e4 Nxe4 11. Nxe4 dxe4 12. Rxe4 Nf6 13. Re1 Rd8 14. Qe2 Bd7 15.
Rad1 cxd4 16. Nxd4 Be8 17. Qf3 Rdc8 18. Nf5 exf5 19. Rxe7 Bxe7 20. c4 Bc6 21.
Qxf5 h6 22. Bxc6 1-0

[Event "AUTO-MASTER-3289"]
[Site "http://www.queenalice.com/game.php?id=1866192"]
[Date "2025.11.26"]
[Round "1"]
[White "BeatifulDevil56"]
[Black "chessman"]
[Result "0-1"]
[WhiteElo "2131"]
[BlackElo "2064"]

1. c4 c6 2. Nc3 d5 3. cxd5 cxd5 4. Nf3 e6 5. e4 dxe4 6. Nxe4 Nd7 7. Qa4 Nf6 8.
Nxf6+ Qxf6 9. Bb5 Be7 10. Rb1 Qg6 11. Bxd7+ Bxd7 12. Qxd7+ Kxd7 13. Ne5+ Kd6 14.
Nxg6 hxg6 15. O-O Rac8 16. b3 Rc2 17. a4 Kd7 18. Rd1 Bd6 19. Bb2 Bxh2+ 20. Kf1
Bf4 21. Bxg7 Rh7 22. Bc3 Rh1+ 23. Ke2 Rxd1 24. Kxd1 Ra2 25. Ra1 Rxa1+ 26. Ke2
Rh1 0-1

[Event "AUTO-MASTER-3289"]
[Site "http://www.queenalice.com/game.php?id=1866193"]
[Date "2025.11.26"]
[Round "1"]
[White "chessman"]
[Black "BeatifulDevil56"]
[Result "0-1"]
[WhiteElo "2091"]
[BlackElo "2144"]

1. e4 e6 2. d4 d5 3. e5 c5 4. c3 Nc6 5. f4 cxd4 6. cxd4 Bb4+ 7. Nc3 Nh6 8. Be3
Nf5 9. Bf2 Bxc3+ 10. bxc3 Qa5 11. Nf3 Qxc3+ 12. Ke2 b6 13. Rc1 Ba6+ 0-1

[Event "AUTO-OPEN-4631"]
[Site "http://www.queenalice.com/game.php?id=1867184"]
[Date "2025.12.18"]
[Round "1"]
[White "Capixaba789"]
[Black "BeatifulDevil56"]
[Result "0-1"]
[WhiteElo "1892"]
[BlackElo "2062"]

1. d4 d5 2. Nc3 Nf6 3. f4 Bf5 4. Nf3 e6 5. e3 Bb4 6. Bd2 Nc6 7. Bd3 Ne7 8. O-O
c5 9. Ne5 c4 10. Be2 Bxc3 11. Bxc3 Ne4 12. Be1 b5 13. c3 O-O 14. Bh4 f6 15. Nf3
h6 16. a3 Nc6 17. Bf2 a5 18. Rc1 b4 19. axb4 Qe7 20. bxa5 Nxa5 21. Nh4 Nb3 22.
Nxf5 exf5 23. Rb1 Nbd2 24. Bf3 Nxb1 25. Qxb1 Nd2 26. Bxd5+ Kh8 27. Qc1 Nxf1 28.
Bxa8 Rxa8 29. Kxf1 Qe4 30. h3 Qd3+ 31. Kg1 Ra2 0-1